Capitals of the World - No Hints - Statistics

General Stats
  • This quiz has been taken 85 times
  • The average score is 146 of 196
Answer Stats
Hint Answer % Correct
L London
95%
A Amsterdam
92%
B Berlin
92%
B Brasília
92%
D Dublin
92%
L Lisbon
92%
M Madrid
92%
M Moscow
92%
B Beijing
90%
C Canberra
90%
L Luxembourg
90%
M Mexico-City
90%
O Oslo
90%
O Ottawa
90%
W Washington D.C.
90%
A Abu Dhabi
87%
A Ankara
87%
B Budapest
87%
H Helsinki
87%
J Jakarta
87%
N New Delhi
87%
R Reykjavik
87%
S Seoul
87%
A Andorra la Vella
85%
B Bern
85%
B Brussels
85%
C Cairo
85%
C Copenhagen
85%
D Dhaka
85%
K Kiev
85%
L Lima
85%
P Paris
85%
R Rome
85%
S San Marino
85%
S Stockholm
85%
V Vienna
85%
A Abuja
82%
A Athens
82%
B Bangkok
82%
B Buenos Aires
82%
J Jerusalem
82%
K Kingston
82%
K Kingstown
82%
T Tokyo
82%
T Tunis
82%
W Warsaw
82%
W Wellington
82%
A Algiers
79%
B Baghdad
79%
B Bogotá
79%
B Bratislava
79%
B Bucharest
79%
C Caracas
79%
D Djibouti
79%
G Guatemala-City
79%
K Kinshasa
79%
P Panama-City
79%
P Prague
79%
P Pretoria
79%
P Pyongyang
79%
R Rabat
79%
R Riyadh
79%
S Santiago de Chile
79%
S Sarajevo
79%
S Singapore
79%
S Sofia
79%
T Tallinn
79%
V Vatican City
79%
A Addis Ababa
77%
A Antananarivo
77%
B Baku
77%
B Beirut
77%
B Belgrade
77%
D Dili
77%
D Doha
77%
G Georgetown
77%
H Hanoi
77%
K Kabul
77%
K Khartoum
77%
K Kuala Lumpur
77%
M Malé
77%
M Manila
77%
M Mogadishu
77%
M Monaco
77%
Q Quito
77%
S San Salvador
77%
S Santo Domingo
77%
T Tehran
77%
T Tripoli
77%
V Vaduz
77%
A Accra
74%
A Amman
74%
A Asuncíon
74%
B Bel-Mopan
74%
B Brazzaville
74%
D Dakar
74%
F Freetown
74%
H Harare
74%
H Havana
74%
I Islamabad
74%
K Kuwait-City
74%
L Ljubljana
74%
L Lusaka
74%
M Minsk
74%
M Montevideo
74%
N Nairobi
74%
N Nicosia
74%
N Nursultan
74%
P Port-au-Prince
74%
R Riga
74%
S Sao Tomé
74%
S Skopje
74%
T Tashkent
74%
T Tbilisi
74%
T Tirana
74%
V Valletta
74%
V Vientiane
74%
B Basseterre
72%
B Bishkek
72%
B Bissau
72%
D Damascus
72%
D Dodoma
72%
F Funafuti
72%
K Kampala
72%
L Libreville
72%
M Managua
72%
M Manama
72%
M Muscat
72%
P Paramaribo
72%
P Pristina
72%
S Sana'a
72%
S San José
72%
T Taipei
72%
W Windhoek
72%
Y Yerevan
72%
Z Zagreb
72%
A Apia
69%
B Bamako
69%
B Banguí
69%
C Chisinau
69%
G Gaborone
69%
J Juba
69%
K Kathmandu
69%
K Kigali
69%
L Luanda
69%
M Monrovia
69%
P Port Moresby
69%
P Praia
69%
U Ulaanbaatar
69%
A Ashgabat
67%
C Castries
67%
C Conakry
67%
L Lomé
67%
M Maputo
67%
N Nassau
67%
N Naypyidaw
67%
P Podgorica
67%
P Port of Spain
67%
R Roseau
67%
S St. John's
67%
T Tegucigalpa
67%
V Vilnius
67%
B Banjul
64%
B Bridgetown
64%
N N'Djamena
64%
P Port Louis
64%
S St. George's
64%
S Suva
64%
V Victoria
64%
Y Yaoundé
64%
A Asmara
62%
B Bandar Seri Begawan
62%
G Gitega
62%
L Lilongwe
62%
M Mbabane
62%
N Nouakchott
62%
P Phnom Penh
62%
P Porto Novo
62%
P Port Vila
62%
S Sucre
62%
T Thimphu
62%
D Dushanbe
59%
H Honiara
59%
M Majuro
59%
M Malabo
59%
O Ouagadougou
59%
S South Tarawa
59%
N Niamey
56%
M Maseru
54%
M Moroni
54%
N Nuku'alofa
54%
Y Yamoussoukro
54%
N Ngerulmud
51%
Y Yaren
51%
P Palikir
46%
S Sri Jayewardenepura Kotte
36%
No matching quizzes found
Score Distribution
Percent of People with Each Score
Percentile by Number Answered
Your Score History
You have not taken this quiz